| 000 | 00485nam a22001457a 4500 | ||
|---|---|---|---|
| 003 | 0 | ||
| 005 | 20230315081618.0 | ||
| 008 | 230315b xxu||||| |||| 00| 0 eng d | ||
| 050 |
_aTX 911.3 _b.L67 2022 |
||
| 245 |
_aThe factors that impact retaurant operations during covid-19 pandemic _cNina Ricci J. Lopez |
||
| 260 |
_aLas Pinas City _bSouthville International School and Colleges _cC2022 |
||
| 300 |
_aii,106pp. _c28cm. _fTheses |
||
| 500 | _aRestaurant operations. | ||
| 942 |
_2lcc _cTH |
||
| 999 |
_c364950 _d364950 |
||